| 000 | 00355nam a2200109Ia 4500 | ||
|---|---|---|---|
| 008 | 160909s9999 xx 000 0 und d | ||
| 100 | _aKoyle, Jared R. | ||
| 245 | _aAre Executive Positions Being Refused? | ||
| 260 |
_bNova Southeastern University. _c2016 |
||
| 650 | _aENTREPRENEURSHIP | ||
| 856 | _uhttp://pqdtopen.proquest.com/doc/1803938187.html?FMT=ABS | ||
| 999 |
_c304482 _d304482 |
||